Sonic Characters’ Favorite Food - Statistics

General Stats
  • This quiz has been taken 121 times
  • The average score is 4 of 9
Answer Stats
Character Source Favorite Food % Correct
Sonic Various Chilli Dog
93%
Knuckles Various Grapes
66%
Tails Various Mint Candy
56%
Big Sonic Channel Fish
44%
Eggman Sonic Twitter Takeover #4 Egg Chilli Dog/Waffle/Egg
31%
Amy Sonic Channel Soft-Serve Ice Cream
29%
Charmy Sonic Channel Flower Honey
28%
Shadow 2005 Interview Pizza|Doritos|Snickers|Hot Pockets
25%
Cheese Sonic Channel Palm Fruit
11%
No matching quizzes found
Score Distribution
Percent of People with Each Score
Percentile by Number Answered
Your Score History
You have not taken this quiz